| 000 -LEADER |
| fixed length control field |
00539nam a22001817a 4500 |
| 003 - CONTROL NUMBER IDENTIFIER |
| control field |
Ge_BSU |
| 005 - DATE AND TIME OF LATEST TRANSACTION |
| control field |
20230808103337.0 |
| 008 - FIXED-LENGTH DATA ELEMENTS--GENERAL INFORMATION |
| fixed length control field |
230808s1961 enk||||| |||| 00| 0 eng d |
| 041 ## - LANGUAGE CODE |
| Language code of text/sound track or separate title |
eng |
| 080 ## - UNIVERSAL DECIMAL CLASSIFICATION NUMBER |
| Universal Decimal Classification number |
94(32) A-31 |
| 100 ## - MAIN ENTRY--PERSONAL NAME |
| Personal name |
Aldred, Cyril |
| 9 (RLIN) |
19630 |
| 245 ## - TITLE STATEMENT |
| Title |
The Egyptians / |
| Statement of responsibility, etc. |
Cyril Aldred; General edit. Glyn Daniel. |
| 264 ## - PRODUCTION, PUBLICATION, DISTRIBUTION, MANUFACTURE, AND COPYRIGHT NOTICE |
| Place of production, publication, distribution, manufacture |
London : |
| Name of producer, publisher, distributor, manufacturer |
Thames and Hudson, |
| Date of production, publication, distribution, manufacture, or copyright notice |
1961. |
| 300 ## - PHYSICAL DESCRIPTION |
| Extent |
267 p.; |
| Other physical details |
21 cm. |
| 653 ## - INDEX TERM--UNCONTROLLED |
| keyword |
ეგვიპტელები |
| 700 ## - ADDED ENTRY--PERSONAL NAME |
| Personal name |
Daniel, Glyn |
| Relator term |
რედაქტორი |
| 9 (RLIN) |
19631 |
| 942 ## - ADDED ENTRY ELEMENTS (KOHA) |
| Source of classification or shelving scheme |
|
| Koha item type |
წიგნი |